| 000 | 00661nam a2200205 u 4500 | ||
|---|---|---|---|
| 005 | 20241016063752.0 | ||
| 008 | 111010s2000 r 000 0 eng d | ||
| 020 | _a8424660536 | ||
| 035 | _aUPN01000182108 | ||
| 049 | _aI | ||
| 050 | 4 |
_aPZ78 _bL4.3 |
|
| 100 | 1 | _aLertxundi, Anjel | |
| 245 | 1 | 0 |
_aA mí me patina la egge ¿y qué? / _cAnjel Lertxundi ; tr. de Jorge Giménez ; il. de Jokin Mitxelena. |
| 260 |
_aBarcelona, Esp. : _bLa Galera, _c2000. |
||
| 300 |
_a30 p. : _bil. |
||
| 534 |
_pTítulo original : _tNik erremerre hitz egiten dut |
||
| 650 | 4 |
_aLiteratura infantil española _95892 |
|
| 650 | 0 |
_aAutoestima en niños _9356 |
|
| 905 | _aInfantil | ||
| 999 |
_c154211 _d154211 |
||